Score 0/12 Timer 05:00
0 Plays Today
% Correct
Vladimir Putin
97.5%
Barack Obama
93%
George W. Bush
89.4%
Ronald Reagan
84.6%
Angela Merkel
79%
George H. W. Bush
78.8%
Justin Trudeau
73%
David Cameron
56.8%
David Ben-Gurion & Harry S. Truman
55.6%
Benjamin Netanyahu
45.6%
Cristina Fernández de Kirchner
13.2%
Reuven Rivlin
6.4%
Remove Ads.
Support Sporcle.
Get the best of Sporcle when you Go Orange. This ad-free experience offers more features, more stats, and more fun while also helping to support Sporcle. Thank you for becoming a member.

You're not logged in!

Compare scores with friends on all Sporcle quizzes.
OR
Log In

Show Comments

Extras

Top Quizzes Today


Score Distribution

Your Account Isn't Verified!

In order to create a playlist on Sporcle, you need to verify the email address you used during registration. Go to your Sporcle Settings to finish the process.

Report this User

Report this user for behavior that violates our Community Guidelines.

Details: